MARC

LEADER 00000nam0a2200000 4500
001 246810
005 20231101232236.0
010 |a 5020138266 
035 |a (RuTPU)RU\TPU\book\268277 
090 |a 246810 
100 |a 20131210d1990 k y0rusy50 ca 
101 0 |a rus 
102 |a RU 
105 |a a z 001zy 
200 1 |a Интегрируемые системы классической механики и алгебры Ли  |f А. М. Переломов 
210 |a Москва  |c Наука  |d 1990 
215 |a 240 с.  |c ил. 
320 |a Библиогр.: с. 231-238. 
606 1 |a Механика классическая  |2 stltpush  |3 (RuTPU)RU\TPU\subj\43571  |9 63058 
610 1 |a алгебра Ли 
610 1 |a интегрируемые системы 
610 1 |a простейшие системы 
610 1 |a многочастичные системы 
610 1 |a цепочки 
610 1 |a конфигурации 
610 1 |a задача Кеплера 
610 1 |a цепочка Тоды 
675 |a 531  |v 3 
700 1 |a Переломов  |b А. М.  |g Аскольд Михайлович 
801 1 |a RU  |b 63413507  |c 20131210 
801 2 |a RU  |b 63413507  |c 20131218  |g RCR 
942 |c BK